[Event "Bad Griesbach Senioren op 2011 14th"]
[Site "Bad Griesbach (4.12.-10.12)"]
[Date "2011.12.04"]
[Round "1.1"]
[White "Pribyl, Josef"]
[Black "Laber, Dietrich"]
[Result "1-0"]
[WhiteElo "2249"]
[BlackElo "1573"]
[PlyCount "73"]
[EventDate "2011.12.??"]
[EventType "swiss"]
[EventRounds "7"]
[EventCountry "GER"]
[WhiteTeam "Ludwigshafen Schachhaus"]
[BlackTeam "Steinsfurt Botvinnik SF"]

1. e4 e5 2. Nf3 Nf6 3. Nxe5 d6 4. Nf3 Nxe4 5. Qe2 Qe7 6. d3 Nf6 7. Bg5 Qxe2+ 8.
Bxe2 Be7 9. Nc3 c6 10. d4 d5 11. Bd3 Be6 12. h3 Nbd7 13. O-O-O Bd6 14. Rhe1 h6
15. Bd2 O-O 16. Ne5 a6 17. f4 Bxe5 18. dxe5 d4 19. Ne2 Ne8 20. Nxd4 Nc5 21. Bf1
a5 22. a3 Nc7 23. Be3 Nd5 24. Nxc6 Nb3+ 25. cxb3 Rac8 26. Bb5 Nxe3 27. Rxe3
bxc6 28. Bc4 Bd5 29. Bxd5 cxd5+ 30. Rc3 Rfd8 31. Rd4 Kf8 32. Rxc8 Rxc8+ 33. Kd2
Rc5 34. b4 Rb5 35. a4 Rb7 36. b5 Rc7 37. b4 1-0

[Event "Bad Griesbach Senioren op 2011 14th"]
[Site "Bad Griesbach (4.12.-10.12)"]
[Date "2011.12.04"]
[Round "1.2"]
[White "Eglseder, Gottfried"]
[Black "Johnsen, Gunnar"]
[Result "0-1"]
[WhiteElo "1617"]
[BlackElo "2137"]
[PlyCount "82"]
[EventDate "2011.12.??"]
[EventType "swiss"]
[EventRounds "7"]
[EventCountry "GER"]
[WhiteTeam "Germering SK"]
[BlackTeam "NOR/Tromsoe Sjakklubb"]
[BlackTeamCountry "NOR"]

1. d4 e6 2. Nf3 f5 3. c3 Nf6 4. Bg5 Be7 5. Nbd2 d5 6. Ne5 Nbd7 7. Ndf3 O-O 8.
e3 Ne4 9. Bxe7 Qxe7 10. Bd3 Nxe5 11. Nxe5 Bd7 12. Qe2 Be8 13. h4 c5 14. g3 Rb8
15. a4 a6 16. O-O Nf6 17. Kg2 Nd7 18. f4 Nxe5 19. dxe5 Bc6 20. Kg1 Qd7 21. Qf2
Bxa4 22. Ra3 Bb5 23. Rd1 Bxd3 24. Rxd3 Qc7 25. Qc2 Rfd8 26. Kh2 Rbc8 27. Qd2 a5
28. Ra1 b5 29. Rc1 a4 30. Rc2 Qb6 31. Qf2 b4 32. Rcd2 c4 33. Rd4 bxc3 34. bxc3
Qb3 35. Rc2 a3 36. Qd2 Ra8 37. Ra2 Rdb8 38. Kg2 Qxa2 39. Qxa2 Rb2+ 40. Rd2
Rxd2+ 41. Qxd2 a2 0-1

[Event "Bad Griesbach Senioren op 2011 14th"]
[Site "Bad Griesbach (4.12.-10.12)"]
[Date "2011.12.04"]
[Round "1.3"]
[White "Weinwurm, Wolfgang"]
[Black "Alefs, Heinz"]
[Result "1-0"]
[WhiteElo "2132"]
[BlackElo "1645"]
[PlyCount "115"]
[EventDate "2011.12.??"]
[EventType "swiss"]
[EventRounds "7"]
[EventCountry "GER"]
[WhiteTeam "Ternitz-Gloggnitz Spg."]
[BlackTeam "Eichenau SC"]

1. e4 d6 2. d4 Nf6 3. Nc3 g6 4. Be3 Bg7 5. f3 O-O 6. Qd2 e5 7. Nge2 Nbd7 8.
O-O-O b5 9. Nxb5 a6 10. Na3 exd4 11. Nxd4 Nc5 12. Bh6 Bxh6 13. Qxh6 Ne6 14. g4
Nxd4 15. Rxd4 Qe7 16. Nc4 Be6 17. Ne3 Rfb8 18. Bc4 Bxc4 19. Nxc4 Rb5 20. Qd2
Nd7 21. Ne3 Ne5 22. Rf1 Rab8 23. b3 Nc6 24. Rc4 Ne5 25. Nd5 Rxd5 26. Qxd5 Nxc4
27. Qxc4 a5 28. Kb1 Qd7 29. h4 a4 30. h5 Qb5 31. Qxb5 Rxb5 32. hxg6 hxg6 33.
Rd1 Kf8 34. Rd4 axb3 35. cxb3 Ke7 36. Kc2 c5 37. Ra4 g5 38. Kd3 Ke6 39. Kc4 Rb8
40. b4 cxb4 41. Rxb4 Rc8+ 42. Kd4 Rc2 43. Ra4 Rd2+ 44. Ke3 Rd1 45. Ra5 Re1+ 46.
Kf2 Ra1 47. Rxg5 Rxa2+ 48. Kg3 Rc2 49. Rf5 Rc5 50. Rxc5 dxc5 51. f4 c4 52. Kf3
Kd6 53. Ke3 Kc5 54. g5 Kb4 55. Kd2 c3+ 56. Kc2 Kc4 57. f5 Kd4 58. g6 1-0

[Event "Bad Griesbach Senioren op 2011 14th"]
[Site "Bad Griesbach (4.12.-10.12)"]
[Date "2011.12.04"]
[Round "1.4"]
[White "Schuster, Herbert"]
[Black "Kugelmann, Werner"]
[Result "1/2-1/2"]
[WhiteElo "1744"]
[BlackElo "2090"]
[PlyCount "60"]
[EventDate "2011.12.??"]
[EventType "swiss"]
[EventRounds "7"]
[EventCountry "GER"]
[WhiteTeam "Landshut SK"]
[BlackTeam "Wertingen TSV"]

1. d4 Nf6 2. Nf3 g6 3. e3 Bg7 4. Be2 O-O 5. Nbd2 d6 6. c3 Nc6 7. h3 e5 8. dxe5
dxe5 9. Nc4 Qe7 10. Qa4 Re8 11. Na5 Nd8 12. Qh4 e4 13. Nd4 c5 14. Nc2 Qc7 15.
Nb3 b6 16. Na3 a6 17. Bd2 Nc6 18. Rd1 Be6 19. O-O Ne7 20. Qf4 Qc6 21. c4 Nd7
22. Bc3 Bxc3 23. bxc3 Qa4 24. Nb1 Nc8 25. Rd2 Qc6 26. Rfd1 Nf8 27. f3 f5 28.
fxe4 Qxe4 29. Bf3 Qxf4 30. exf4 Ra7 1/2-1/2

[Event "Bad Griesbach Senioren op 2011 14th"]
[Site "Bad Griesbach (4.12.-10.12)"]
[Date "2011.12.04"]
[Round "1.5"]
[White "Macura, Emil"]
[Black "Mahrla, Hans Dr"]
[Result "1/2-1/2"]
[WhiteElo "2229"]
[BlackElo "1621"]
[PlyCount "126"]
[EventDate "2011.12.??"]
[EventType "swiss"]
[EventRounds "7"]
[EventCountry "GER"]
[WhiteTeam "CZE/Zlinterm SK"]
[BlackTeam "Eichenau SC"]
[WhiteTeamCountry "CZE"]

1. c4 Nf6 2. d4 e6 3. Nf3 d5 4. e3 Be7 5. Nbd2 a6 6. Bd3 dxc4 7. Nxc4 Nbd7 8.
O-O b5 9. Nce5 Nxe5 10. Nxe5 Bb7 11. Qc2 Qd5 12. Nf3 c5 13. dxc5 Bxc5 14. Rd1
Qc6 15. a3 Rc8 16. b4 Be7 17. Qxc6+ Bxc6 18. Bb2 O-O 19. Rac1 Rfd8 20. Kf1 Kf8
21. Ne5 Bd5 22. f3 Bb3 23. Rxc8 Rxc8 24. Rc1 Rxc1+ 25. Bxc1 Bd5 26. e4 Bb7 27.
Be3 Ke8 28. Bc2 Nd7 29. Nd3 f6 30. Nf4 e5 31. Ne6 Kf7 32. Bb3 Kg6 33. g4 h6 34.
h4 Kh7 35. Nc7 Bd8 36. Nd5 g5 37. h5 Kg7 38. Ke2 Kf8 39. Kd3 Bc6 40. Ba7 Ke8
41. Ne3 Be7 42. Nf5 Bf8 43. Bd5 Bxd5 44. exd5 Kd8 45. d6 Kc8 46. Bc5 Nb8 47.
Ke4 Kd7 48. Kd5 Nc6 49. Bb6 Nd4 50. Bxd4 exd4 51. Kxd4 Bxd6 52. Nxh6 Ke6 53.
Nf5 Be5+ 54. Kc5 Bb2 55. Nd4+ Ke5 56. Ne2 f5 57. h6 Kf6 58. gxf5 Kxf5 59. h7
Kg6 60. Nd4 Kxh7 61. Ne6 Kg6 62. Nxg5 Kxg5 63. Kb6 Bxa3 1/2-1/2

[Event "Bad Griesbach Senioren op 2011 14th"]
[Site "Bad Griesbach (4.12.-10.12)"]
[Date "2011.12.04"]
[Round "1.6"]
[White "Kammel, Rudolf"]
[Black "Leuschner, Guenter"]
[Result "0-1"]
[WhiteElo "1626"]
[BlackElo "1816"]
[PlyCount "72"]
[EventDate "2011.12.??"]
[EventType "swiss"]
[EventRounds "7"]
[EventCountry "GER"]
[WhiteTeam "Regensburg Bavaria SC"]
[BlackTeam "Nürnberg 1911 SK"]

1. e4 d5 2. exd5 Qxd5 3. Nf3 Nf6 4. Be2 Bf5 5. Nc3 Qd8 6. Nh4 Bd7 7. d4 e6 8.
O-O Be7 9. Nf3 Nc6 10. Bg5 a6 11. Bxf6 Bxf6 12. Ne4 Be7 13. c4 O-O 14. a3 Na7
15. Ne5 Nc6 16. Bf3 Nxe5 17. dxe5 Bc6 18. Qc2 Qd4 19. Rfe1 Qxe5 20. Nc3 Qc5 21.
Ne4 Qf5 22. Qe2 Rad8 23. Ng3 Qc5 24. Ne4 Qe5 25. b4 Rd4 26. c5 Rfd8 27. Qc2 Qf5
28. Rac1 Qg6 29. Qb1 Rd3 30. Re3 Rxe3 31. fxe3 f5 32. Ng3 Bxf3 33. gxf3 Qh6 34.
Qb3 Rd2 35. Rc2 Qxh2+ 36. Kf1 Qf2# 0-1

[Event "Bad Griesbach Senioren op 2011 14th"]
[Site "Bad Griesbach (4.12.-10.12)"]
[Date "2011.12.04"]
[Round "1.7"]
[White "Huhn, Ulrich"]
[Black "Roesch, Alfred"]
[Result "1/2-1/2"]
[WhiteElo "1835"]
[BlackElo "1594"]
[PlyCount "113"]
[EventDate "2011.12.??"]
[EventType "swiss"]
[EventRounds "7"]
[EventCountry "GER"]
[WhiteTeam "Berlin Siemensstadt SF"]
[BlackTeam "München Schwabing SG"]

1. d4 d5 2. Nc3 Nf6 3. Bg5 Nbd7 4. f3 e6 5. e4 Be7 6. exd5 exd5 7. Bd3 Nf8 8.
Nge2 Ne6 9. Bh4 c6 10. O-O O-O 11. a3 c5 12. dxc5 Nxc5 13. Kh1 b6 14. Nd4 Bd7
15. Nf5 Bxf5 16. Bxf5 g6 17. Bd3 Nh5 18. Bxe7 Qxe7 19. Nxd5 Qh4 20. Qe1 Qd4 21.
Nc3 Nxd3 22. cxd3 Rad8 23. Rd1 Rfe8 24. Qf2 Qxf2 25. Rxf2 Rxd3 26. Rff1 Red8
27. Rxd3 Rxd3 28. Kg1 Nf4 29. g3 Ne6 30. Rf2 f5 31. f4 Kf7 32. Kg2 a6 33. Kf1
b5 34. Ke1 Nd4 35. Na2 a5 36. Nc3 b4 37. axb4 axb4 38. Na2 b3 39. Nc1 Re3+ 40.
Kd2 Rf3 41. Rxf3 Nxf3+ 42. Kc3 Nxh2 43. Kxb3 Kf6 44. Kc4 Ke6 45. Kc5 Nf1 46.
Ne2 Nd2 47. b4 Kd7 48. Kd5 Ne4 49. b5 Kc7 50. Ke6 Kb6 51. Kf7 Kxb5 52. Kg7 Kc4
53. Kxh7 g5 54. fxg5 Nxg5+ 55. Kg6 Ne4 56. Kxf5 Nxg3+ 57. Nxg3 1/2-1/2

[Event "Bad Griesbach Senioren op 2011 14th"]
[Site "Bad Griesbach (4.12.-10.12)"]
[Date "2011.12.04"]
[Round "1.8"]
[White "Strakos, Tomas"]
[Black "Bilyavskyy, Borys"]
[Result "1/2-1/2"]
[WhiteElo "1763"]
[BlackElo "1757"]
[PlyCount "55"]
[EventDate "2011.12.??"]
[EventType "swiss"]
[EventRounds "7"]
[EventCountry "GER"]
[WhiteTeam "CZE/Praga Praha"]
[BlackTeam "Ergolding FC"]
[WhiteTeamCountry "CZE"]

1. d4 Nf6 2. c4 e6 3. Nf3 d5 4. Nc3 Be7 5. Bf4 c6 6. e3 Nbd7 7. Rc1 dxc4 8.
Bxc4 Nb6 9. Bd3 Nbd5 10. Bg3 Qa5 11. Qb3 O-O 12. O-O Nh5 13. Ne2 Nxg3 14. Nxg3
Qb6 15. Qxb6 axb6 16. a3 b5 17. Rfd1 Nf6 18. Ne5 Rd8 19. Kf1 Bd7 20. Nxd7 Rxd7
21. Ne4 Nxe4 22. Bxe4 b4 23. axb4 Bxb4 24. Ra1 Rdd8 25. Ke2 g6 26. Bd3 Kg7 27.
Bc4 Kf6 28. f4 1/2-1/2

[Event "Bad Griesbach Senioren op 2011 14th"]
[Site "Bad Griesbach (4.12.-10.12)"]
[Date "2011.12.04"]
[Round "1.9"]
[White "Aigner, Georg"]
[Black "Simmon, Norbert"]
[Result "1-0"]
[WhiteElo "1858"]
[BlackElo "1580"]
[PlyCount "123"]
[EventDate "2011.12.??"]
[EventType "swiss"]
[EventRounds "7"]
[EventCountry "GER"]
[WhiteTeam "Dietfurt TSV"]
[BlackTeam "München Schwabing SG"]

1. e4 c5 2. Nf3 d6 3. d4 cxd4 4. Nxd4 Nf6 5. Nc3 a6 6. Be2 e6 7. Qd3 Nc6 8.
Nxc6 bxc6 9. O-O Be7 10. Qg3 Bf8 11. Rd1 Qc7 12. Bg5 Nd7 13. Na4 Bb7 14. c4 c5
15. Nc3 h6 16. Be3 Nf6 17. f4 Nxe4 18. Nxe4 Bxe4 19. Rd2 a5 20. Rad1 Ra6 21.
Bf2 Rb6 22. Bf3 Bxf3 23. Qxf3 Be7 24. Qc3 O-O 25. Qxa5 Qb7 26. Qc3 Ra8 27. b3
Rba6 28. a4 Rb8 29. Rd3 Rb6 30. Rb1 Rb4 31. Rg3 Bf8 32. a5 Qc7 33. Qa1 Ra8 34.
Be1 Rb7 35. Bc3 f5 36. Re3 Qf7 37. Qb2 d5 38. cxd5 exd5 39. Rf3 d4 40. Be1 Bd6
41. b4 Rxa5 42. bxa5 Rxb2 43. Rxb2 c4 44. a6 Qa7 45. Ra2 c3 46. Kf1 Kf7 47. Ke2
Ke6 48. Kd3 Bb4 49. Bf2 Kd5 50. Bg1 Qc7 51. Kc2 Bc5 52. Rd3 Qxf4 53. a7 Bxa7
54. Rxa7 Qb8 55. Rxd4+ Ke6 56. Kxc3 Qxa7 57. Re4+ fxe4 58. Bxa7 Kf5 59. Kd4 h5
60. Ke3 h4 61. Bb6 g5 62. Bd8 1-0

[Event "Bad Griesbach Senioren op 2011 14th"]
[Site "Bad Griesbach (4.12.-10.12)"]
[Date "2011.12.04"]
[Round "1.10"]
[White "Post, Hermann Dr(35)"]
[Black "Wawrinsky, Ludwig"]
[Result "0-1"]
[WhiteElo "1532"]
[BlackElo "1749"]
[PlyCount "120"]
[EventDate "2011.12.??"]
[EventType "swiss"]
[EventRounds "7"]
[EventCountry "GER"]
[WhiteTeam "Rottal SC"]
[BlackTeam "Neuperlach SK"]

1. d4 Nf6 2. c4 e6 3. Bg5 Be7 4. Nc3 b6 5. Nf3 Bb7 6. e3 h6 7. Bh4 O-O 8. Bd3
c5 9. O-O cxd4 10. Nxd4 Nc6 11. Rc1 Ne5 12. Bxf6 Bxf6 13. Be4 Bxe4 14. Nxe4 Be7
15. Qe2 d5 16. cxd5 Qxd5 17. Nc3 Qb7 18. f4 Ng6 19. Nf3 Rfe8 20. a3 a5 21. Nb5
Bc5 22. Rxc5 bxc5 23. Nd6 Qb6 24. Nxe8 Rxe8 25. g3 Rb8 26. Rf2 Qb3 27. e4 Rd8
28. f5 Qd1+ 29. Qxd1 Rxd1+ 30. Kg2 exf5 31. exf5 Ne7 32. Rd2 Nxf5 33. Rxd1 Ne3+
34. Kh3 Nxd1 35. b3 f6 36. Nd2 Ne3 37. g4 Kf7 38. Kg3 Ke6 39. Kf3 Nc2 40. a4
Kd5 41. Ke2 g6 42. Kd3 Nd4 43. Kc3 Nc6 44. h3 Ne5 45. Nf1 Ke4 46. Nd2+ Kf4 47.
Nc4 Nc6 48. Nd6 Kg3 49. Ne4+ Kxh3 50. Nxf6 Ne5 51. Ne4 Kxg4 52. Nxc5 h5 53. Kd4
Nc6+ 54. Ke3 Kf5 55. Nd3 g5 56. Nb2 g4 57. Nc4 h4 58. Nxa5 Nxa5 59. b4 Nc6 60.
b5 Na5 0-1

[Event "Bad Griesbach Senioren op 2011 14th"]
[Site "Bad Griesbach (4.12.-10.12)"]
[Date "2011.12.04"]
[Round "1.11"]
[White "Bock, Ortwin"]
[Black "Zorn, Guenter"]
[Result "1-0"]
[WhiteElo "1846"]
[BlackElo "1291"]
[PlyCount "57"]
[EventDate "2011.12.??"]
[EventType "swiss"]
[EventRounds "7"]
[EventCountry "GER"]
[WhiteTeam "Landshut SK"]
[BlackTeam "Ergolding FC"]

1. e4 c5 2. b4 e6 3. bxc5 Bxc5 4. d4 Be7 5. Bd3 d6 6. Nf3 Nc6 7. Bd2 Nf6 8. O-O
Qc7 9. Nc3 a6 10. Re1 e5 11. Nd5 Nxd5 12. exd5 Nxd4 13. Nxd4 exd4 14. Qe2 b5
15. Ba5 Qb7 16. Bb6 Ra7 17. Bxd4 Qxd5 18. Bxa7 Be6 19. Rad1 Qg5 20. Be3 Qe5 21.
f4 Qf6 22. Qf3 O-O 23. Qf2 Qc3 24. Bd4 Qc7 25. f5 Bxa2 26. f6 Bxf6 27. Bxf6
gxf6 28. Qxf6 Qc5+ 29. Kh1 1-0

[Event "Bad Griesbach Senioren op 2011 14th"]
[Site "Bad Griesbach (4.12.-10.12)"]
[Date "2011.12.04"]
[Round "1.12"]
[White "Jurgan, Brigitte"]
[Black "Boldt, Heinrich"]
[Result "0-1"]
[WhiteElo "1239"]
[BlackElo "1751"]
[PlyCount "134"]
[EventDate "2011.12.??"]
[EventType "swiss"]
[EventRounds "7"]
[EventCountry "GER"]
[WhiteTeam "Bad Reichenhall SF"]
[BlackTeam "Kareth-Lappersdorf TSV"]

1. d4 d5 2. Nf3 Bf5 3. g3 Nc6 4. c3 Qd7 5. Bg2 h5 6. h4 f6 7. Bf4 e6 8. Nbd2
Nge7 9. Nb3 b6 10. a4 Ng6 11. Be3 Bd6 12. Qd2 Rd8 13. a5 Nge7 14. a6 Nb8 15.
Nc1 Qb5 16. Bh3 Bxh3 17. Rxh3 Nxa6 18. b4 Ra8 19. Qd3 Qxd3 20. Nxd3 Nb8 21. Bf4
Nf5 22. Rh1 Nc6 23. Bxd6 Nxd6 24. Nd2 Kd7 25. f3 a5 26. Kf2 axb4 27. Nxb4 Nxb4
28. cxb4 Nb5 29. Nb3 Ra3 30. Rxa3 Nxa3 31. Ra1 Nc2 32. Ra4 Kc6 33. e3 Kb5 34.
Ra7 Rc8 35. Nc1 Nxb4 36. Ke2 Nc6 37. Ra1 Na5 38. Kd3 c5 39. dxc5 bxc5 40. Rb1+
Kc6 41. Ra1 c4+ 42. Kc3 Kb5 43. Ne2 Nc6 44. Rb1+ Kc5 45. Nf4 Kd6 46. Nxh5 Rc7
47. Nf4 Ra7 48. Kb2 Ne5 49. Rf1 Nc6 50. Ne2 Rb7+ 51. Kc3 Rb3+ 52. Kd2 Rd3+ 53.
Kc2 Rxe3 54. Kd2 Rd3+ 55. Kc2 Nd4+ 56. Nxd4 Rxd4 57. Kc3 Rd3+ 58. Kc2 d4 59. g4
Re3 60. Kd2 c3+ 61. Kc2 Kd5 62. f4 Kc4 63. Rc1 d3+ 64. Kb1 d2 65. Rd1 Kb3 66.
Ka1 c2 67. Rb1+ cxb1=Q+ 0-1

[Event "Bad Griesbach Senioren op 2011 14th"]
[Site "Bad Griesbach (4.12.-10.12)"]
[Date "2011.12.04"]
[Round "1.13"]
[White "Klein, Reinhard"]
[Black "Lamprecht, Rudolf"]
[Result "1/2-1/2"]
[WhiteElo "1759"]
[BlackElo "1818"]
[PlyCount "58"]
[EventDate "2011.12.??"]
[EventType "swiss"]
[EventRounds "7"]
[EventCountry "GER"]
[WhiteTeam "München RTA SC"]
[BlackTeam "Höhenkirchen SV"]

1. d4 e6 2. Nf3 d5 3. Bf4 Nf6 4. e3 Bd6 5. Ne5 O-O 6. Bd3 b6 7. Nc3 Bb7 8. Qf3
c5 9. Bg5 cxd4 10. exd4 Nc6 11. Nxc6 Bxc6 12. O-O Be7 13. Qh3 g6 14. Qh4 Re8
15. Rae1 Nh5 16. Bxe7 Qxe7 17. Qxe7 Rxe7 18. f4 Kf8 19. Rf3 f5 20. g3 Nf6 21.
Rfe3 Kf7 22. Kg2 Rc8 23. Ne2 Ne4 24. Ng1 Nd6 25. Nf3 Nc4 26. Bxc4 dxc4 27. Kf2
Bxf3 28. Kxf3 Rd8 29. c3 Rd5 1/2-1/2

[Event "Bad Griesbach Senioren op 2011 14th"]
[Site "Bad Griesbach (4.12.-10.12)"]
[Date "2011.12.04"]
[Round "1.14"]
[White "Krase, Peter-Axel"]
[Black "Koenigl, Anton"]
[Result "1-0"]
[WhiteElo "1694"]
[BlackElo "1655"]
[PlyCount "105"]
[EventDate "2011.12.??"]
[EventType "swiss"]
[EventRounds "7"]
[EventCountry "GER"]
[WhiteTeam "Kareth-Lappersdorf TSV"]
[BlackTeam "Ergolding FC"]

1. e4 d5 2. exd5 Nf6 3. d4 Nxd5 4. Bc4 g6 5. Nf3 Bg4 6. h3 Bxf3 7. Qxf3 c6 8.
O-O Nf6 9. Qb3 Nd5 10. Bxd5 cxd5 11. Qxb7 Nd7 12. Qxd5 e6 13. Re1 Be7 14. Qf3
Nb6 15. Qc6+ Qd7 16. Qxd7+ Kxd7 17. Nd2 Rac8 18. c3 Nd5 19. Nf3 f6 20. Bd2 g5
21. Re4 Rhe8 22. Rae1 Bd6 23. R4e2 h5 24. Nh2 Re7 25. g3 a6 26. Nf1 h4 27. g4
Bf4 28. Ne3 Nb6 29. b3 Bxe3 30. fxe3 e5 31. c4 exd4 32. exd4 Rxe2 33. Rxe2 Na8
34. d5 Nc7 35. Bc3 Rf8 36. Ba5 Rf7 37. Bxc7 Kxc7 38. Re6 Kb7 39. b4 f5 40. c5
fxg4 41. hxg4 Rf4 42. Re7+ Kc8 43. d6 Rxg4+ 44. Kh2 Rc4 45. Kh3 a5 46. a3 Kd8
47. Rg7 axb4 48. axb4 Rc3+ 49. Kg4 Rg3+ 50. Kf5 h3 51. c6 Rf3+ 52. Ke6 Rf8 53.
Ra7 1-0

[Event "Bad Griesbach Senioren op 2011 14th"]
[Site "Bad Griesbach (4.12.-10.12)"]
[Date "2011.12.04"]
[Round "1.15"]
[White "Kiefer, Herbert"]
[Black "Ulmer, Heinz"]
[Result "1-0"]
[WhiteElo "1727"]
[BlackElo "1649"]
[PlyCount "117"]
[EventDate "2011.12.??"]
[EventType "swiss"]
[EventRounds "7"]
[EventCountry "GER"]
[WhiteTeam "Ansbach SC"]
[BlackTeam "Adlkofen SC"]

1. Nc3 Nf6 2. e4 e5 3. Nf3 d6 4. d4 exd4 5. Nxd4 Be7 6. Be2 O-O 7. O-O Nbd7 8.
f4 c6 9. Kh1 Kh8 10. Be3 Nc5 11. Bf3 Ne6 12. Nf5 Nc7 13. Ng3 Ng8 14. Bd4 Ne6
15. Be3 Bf6 16. Nf5 Be7 17. Qd2 Nc7 18. Ng3 Bf6 19. Rad1 Be7 20. Nh5 Bd7 21.
Bd4 f6 22. f5 Qe8 23. Qf2 Qf7 24. Nf4 Rad8 25. Bh5 Qc4 26. Rd3 Nh6 27. Be2 Qf7
28. Rh3 Nxf5 29. exf5 Bxf5 30. Rg3 Bxc2 31. Bh5 g6 32. Bg4 Qc4 33. Be2 Qf7 34.
Re1 Bf5 35. Bxa7 d5 36. Bb6 Rd7 37. Bd3 Bxd3 38. Nxd3 Ne6 39. Qe2 Ng7 40. Nc5
Bxc5 41. Bxc5 Re8 42. Qf1 Rxe1 43. Qxe1 Nf5 44. Rf3 Kg7 45. g4 Nd6 46. Bd4 Ne8
47. g5 Rd6 48. Qh4 Re6 49. Qf2 Qe7 50. Kg2 b5 51. a3 Kf7 52. Rh3 Kg8 53. gxf6
Nxf6 54. Bc5 Qf7 55. Rf3 Kg7 56. Bd4 g5 57. h3 h5 58. Rg3 Kh6 59. Qf5 1-0

[Event "Bad Griesbach Senioren op 2011 14th"]
[Site "Bad Griesbach (4.12.-10.12)"]
[Date "2011.12.04"]
[Round "1.17"]
[White "Klimpel, Siegfried"]
[Black "Ruf, Karl"]
[Result "1-0"]
[WhiteElo "1677"]
[BlackElo "1567"]
[PlyCount "57"]
[EventDate "2011.12.??"]
[EventType "swiss"]
[EventRounds "7"]
[EventCountry "GER"]
[WhiteTeam "Kareth-Lappersdorf TSV"]
[BlackTeam "Neuperlach SK"]

1. e4 c5 2. c3 Nc6 3. Nf3 g6 4. d4 cxd4 5. cxd4 Bg7 6. Nc3 a6 7. Bf4 Qb6 8. Nd5
Qa7 9. Nc7+ Kf8 10. Nxa8 Qxa8 11. Rc1 Nf6 12. d5 Na7 13. Qc2 d6 14. Be3 Bd7 15.
Bc4 Ng4 16. Bf4 f6 17. Nd4 Kf7 18. O-O Rc8 19. Qe2 g5 20. Ne6 Ne5 21. Bxe5 dxe5
22. Qh5+ Kg8 23. Bb3 Be8 24. Qg4 Bg6 25. d6 Kh8 26. d7 Rg8 27. Nxg7 Kxg7 28.
Bxg8 Qxg8 29. Rc8 1-0

[Event "Bad Griesbach Senioren op 2011 14th"]
[Site "Bad Griesbach (4.12.-10.12)"]
[Date "2011.12.04"]
[Round "1.18"]
[White "Mlinar, Denis"]
[Black "Sierian, Peter"]
[Result "1/2-1/2"]
[WhiteElo "1153"]
[BlackElo "1746"]
[PlyCount "81"]
[EventDate "2011.12.??"]
[EventType "swiss"]
[EventRounds "7"]
[EventCountry "GER"]
[WhiteTeam "AUT/ Salzburg-Süd SC"]
[BlackTeam "Aidenbach TSV"]
[WhiteTeamCountry "AUT"]

1. e4 d5 2. exd5 Qxd5 3. Nc3 Qa5 4. d4 c6 5. Bd2 Nf6 6. Nf3 Bg4 7. Be2 Nbd7 8.
O-O e6 9. a3 Qc7 10. h3 Bxf3 11. Bxf3 Bd6 12. g3 O-O 13. b4 Nd5 14. Ne4 Be7 15.
c4 N5f6 16. Bf4 e5 17. dxe5 Nxe5 18. Nxf6+ Bxf6 19. Rb1 Rfd8 20. Qb3 Qd7 21.
Kg2 Nxf3 22. Qxf3 Qd3 23. Qxd3 Rxd3 24. a4 Rad8 25. Rfe1 g6 26. h4 h5 27. Re2
Rd1 28. Re1 Rxb1 29. Rxb1 a6 30. b5 axb5 31. axb5 cxb5 32. Rxb5 Rc8 33. Rxb7
Rxc4 34. Be3 Kg7 35. Rd7 Re4 36. Kf3 Ra4 37. Kg2 Ra2 38. Kf3 Rc2 39. Kg2 Bb2
40. Bd4+ Bxd4 41. Rxd4 1/2-1/2

[Event "Bad Griesbach Senioren op 2011 14th"]
[Site "Bad Griesbach (4.12.-10.12)"]
[Date "2011.12.04"]
[Round "1.19"]
[White "Dallmeier, Gerhard"]
[Black "Zeiger, Frank"]
[Result "1/2-1/2"]
[WhiteElo "1582"]
[BlackElo "1475"]
[PlyCount "52"]
[EventDate "2011.12.??"]
[EventType "swiss"]
[EventRounds "7"]
[EventCountry "GER"]
[WhiteTeam "Weißenfels Roland SK"]
[BlackTeam "Spremberg FSV"]

1. e4 c5 2. Nf3 Nc6 3. d4 cxd4 4. Nxd4 e5 5. Nb5 d6 6. N1c3 a6 7. Na3 Nf6 8.
Bg5 Be7 9. Bxf6 gxf6 10. Nd5 b5 11. c3 f5 12. Bd3 fxe4 13. Bxe4 O-O 14. Nc2 Ra7
15. Nce3 f5 16. Bc2 Qe8 17. Bb3 Kh8 18. Nxe7 Qxe7 19. Bd5 Nd8 20. Qd2 f4 21.
Nc2 Be6 22. O-O Nf7 23. f3 Rc7 24. Rfe1 Bxd5 25. Qxd5 Rc5 26. Qd3 a5 1/2-1/2

[Event "Bad Griesbach Senioren op 2011 14th"]
[Site "Bad Griesbach (4.12.-10.12)"]
[Date "2011.12.05"]
[Round "2.1"]
[White "Boldt, Heinrich"]
[Black "Pribyl, Josef"]
[Result "0-1"]
[WhiteElo "1751"]
[BlackElo "2249"]
[PlyCount "52"]
[EventDate "2011.12.??"]
[EventType "swiss"]
[EventRounds "7"]
[EventCountry "GER"]
[WhiteTeam "Kareth-Lappersdorf TSV"]
[BlackTeam "Ludwigshafen Schachhaus"]

1. d4 Nf6 2. Bg5 b6 3. Nf3 Bb7 4. Bxf6 gxf6 5. Nbd2 f5 6. e3 e6 7. c3 Rg8 8. g3
c5 9. Rg1 Nc6 10. Nc4 Qc7 11. Bg2 d6 12. d5 exd5 13. Na3 Ne7 14. Qc2 a6 15.
O-O-O b5 16. Nh4 Qd7 17. Bh3 Bc8 18. Bg2 Qe6 19. Qd3 Rg4 20. Bxd5 Nxd5 21. Qxd5
Qxd5 22. Rxd5 Be6 23. Rd2 Be7 24. h3 Ra4 25. Rc2 Bxh4 26. gxh4 Ke7 0-1

[Event "Bad Griesbach Senioren op 2011 14th"]
[Site "Bad Griesbach (4.12.-10.12)"]
[Date "2011.12.05"]
[Round "2.2"]
[White "Johnsen, Gunnar"]
[Black "Bock, Ortwin"]
[Result "1-0"]
[WhiteElo "2137"]
[BlackElo "1846"]
[PlyCount "45"]
[EventDate "2011.12.??"]
[EventType "swiss"]
[EventRounds "7"]
[EventCountry "GER"]
[WhiteTeam "NOR/Tromsoe Sjakklubb"]
[BlackTeam "Landshut SK"]
[WhiteTeamCountry "NOR"]

1. Nf3 Nf6 2. c4 e6 3. g3 c5 4. Bg2 Nc6 5. O-O Be7 6. d4 d6 7. Nc3 cxd4 8. Nxd4
Bd7 9. b3 Nxd4 10. Qxd4 Bc6 11. Rd1 Qa5 12. Bb2 Rd8 13. e4 a6 14. a3 Nd7 15. b4
Qc7 16. b5 axb5 17. Qxg7 Bf6 18. Nd5 Bxg7 19. Nxc7+ Kf8 20. Bxg7+ Kxg7 21. cxb5
Nc5 22. bxc6 bxc6 23. Rac1 1-0

[Event "Bad Griesbach Senioren op 2011 14th"]
[Site "Bad Griesbach (4.12.-10.12)"]
[Date "2011.12.05"]
[Round "2.3"]
[White "Slacik, Johann"]
[Black "Weinwurm, Wolfgang"]
[Result "1/2-1/2"]
[WhiteElo "1576"]
[BlackElo "2132"]
[PlyCount "49"]
[EventDate "2011.12.??"]
[EventType "swiss"]
[EventRounds "7"]
[EventCountry "GER"]
[WhiteTeam "AUT/Westbahn Linz ESV"]
[BlackTeam "Ternitz-Gloggnitz Spg."]
[WhiteTeamCountry "AUT"]

1. d4 Nf6 2. c4 g6 3. g3 Bg7 4. Bg2 O-O 5. Nc3 d6 6. Nf3 Nc6 7. O-O a6 8. Re1
Rb8 9. Bf4 b5 10. c5 b4 11. Na4 Nh5 12. Be3 e5 13. cxd6 cxd6 14. dxe5 dxe5 15.
Ng5 Nd4 16. Ne4 Bd7 17. Bxd4 exd4 18. Nac5 Bb5 19. Qb3 a5 20. Rad1 Qe7 21. Nd3
Rfd8 22. Rc1 Rdc8 23. Qd5 Rd8 24. Qb3 Rdc8 25. Qd5 1/2-1/2

[Event "Bad Griesbach Senioren op 2011 14th"]
[Site "Bad Griesbach (4.12.-10.12)"]
[Date "2011.12.05"]
[Round "2.4"]
[White "Leuschner, Guenter"]
[Black "Kiefer, Herbert"]
[Result "1-0"]
[WhiteElo "1816"]
[BlackElo "1727"]
[PlyCount "47"]
[EventDate "2011.12.??"]
[EventType "swiss"]
[EventRounds "7"]
[EventCountry "GER"]
[WhiteTeam "Nürnberg 1911 SK"]
[BlackTeam "Ansbach SC"]

1. d4 d5 2. c4 dxc4 3. Nf3 Nf6 4. Qa4+ c6 5. Qxc4 e6 6. g3 a5 7. Bg2 Bb4+ 8.
Nbd2 Nbd7 9. O-O O-O 10. a3 Be7 11. Re1 Nb6 12. Qc2 Bd7 13. Nb3 Na4 14. Bf4 Nd5
15. Bd2 b5 16. Ne5 Ra6 17. Rad1 Bf6 18. Nxd7 Qxd7 19. Bxa5 Rfa8 20. e4 Nc7 21.
Bb4 Be7 22. Nc5 Bxc5 23. dxc5 Qc8 24. b3 1-0